00521nam a2200181Ia 4500003000900000008004100009020001800050040001600068080001300084100001700097245010200114250001200216260003200228300001600260490002800276650002000304650001500324IN-BaIIA211028s9999 xx 000 0 eng d a0-07-023316-0 cIIA Library a621bGIL aGiles, R. V. 0aSchaum's outline of fluid mechanics and hydralicscR. V. Giles  a3rd ed. aNew YorkbMcGraw-Hillc1994 axiii; 362p. aSchaum's Outline Series aFluid Mechanics aHydraulics